The sufferings of the cancer patients / (Record no. 111143)

MARC details
000 -LEADER
campo de control de longitud fija 00523nam a2200181 4500
001 - NÚMERO DE CONTROL
campo de control 111143
003 - IDENTIFICADOR DE NÚMERO DE CONTROL
campo de control ES-MaACL
005 - FECHA Y HORA DE LA ÚLTIMA TRANSACCIÓN
campo de control 20230906185241.0
007 - CAMPO FIJO DE DESCRIPCIÓN FÍSICA--INFORMACIÓN GENERAL
campo de control de longitud fija t|
008 - DATOS DE LONGITUD FIJA--INFORMACIÓN GENERAL
campo de control de longitud fija 061121s1967 xxk r ||||1| eng d
100 1# - ENTRADA PRINCIPAL--NOMBRE DE PERSONA
Nombre de persona Naylor, Vera M.
9 (RLIN) 85246
245 14 - MENCIÓN DEL TÍTULO
Título The sufferings of the cancer patients /
Mención de responsabilidad, etc. Vera M. Naylor and David Michaels.
250 ## - MENCION DE EDICION
Mención de edición 1st publ.
260 ## - PUBLICACIÓN, DISTRIBUCIÓN, ETC.
Lugar de publicación, distribución, etc. London :
Nombre del editor, distribuidor, etc. Hutchinson Benham,
Fecha de publicación, distribución, etc. 1967.
300 ## - DESCRIPCIÓN FÍSICA
Extensión 93 p. ;
Dimensiones 22 cm.
700 1# - ENTRADA AGREGADA--NOMBRE PERSONAL
Nombre de persona Michaels, David.
9 (RLIN) 80863
852 ## - LOCALIZACIÓN
Ubicación ES-MaACL
Número de control de estantería C-37000
Sublocalización o colección R.69943
Holdings
Estatus retirado Estado de pérdida Estado de daño No para préstamo Biblioteca de origen Biblioteca actual Ubicación en estantería Fecha de adquisición Fuente de adquisición Total de préstamos Signatura topográfica completa Código de barras Visto por última vez Precio de reemplazo Tipo de ítem Koha
        Biblioteca del Ateneo de Madrid Biblioteca del Ateneo de Madrid Depósito 2 17/01/2008     C-37000 1115957 23/02/2023 23/02/2023 Libro impreso